| 000 | 00543nam a2200205Ia 4500 | ||
|---|---|---|---|
| 005 | 20260429112257.0 | ||
| 008 | 260429s9999||||xx |||||||||||||| ||und|| | ||
| 020 | _a9780367235970 | ||
| 041 | _aEnglish | ||
| 082 |
_a418.02 _bVEN |
||
| 100 | _aVenuti, Lawrence | ||
| 245 | 0 |
_aTranslation studies reader / _cLawrence Venuti |
|
| 250 | _a4th ed. | ||
| 260 |
_aLondon : _bRoutledge, _c2021. |
||
| 300 | _axiv, 546 p.; pbk | ||
| 650 | _a History | ||
| 650 | _a Translating and interpreting | ||
| 650 | _aTranslation studies | ||
| 942 | _cTB | ||
| 999 |
_c53267 _d53267 |
||